Movies Quiz

Random Movies or Actor Quiz

Actors by Most AFI Top 100 Films Quiz Stats

 Plays Quiz Updated Dec 31, 2018

Also try: AFI Top 100
Challenge
Share
Tweet
Embed
Score 0/32 Timer 10:00
11 Plays Today
No. of AFI 100 Actor % Correct
5Robert De Niro
77.3%
4Marlon Brando
73.6%
3Tom Hanks
72.7%
4Humphrey Bogart
65%
5James Stewart
61.3%
3Katharine Hepburn
59%
5Harrison Ford
58.6%
3Jack Nicholson
58.3%
4Dustin Hoffman
53.3%
3Cary Grant
50.4%
3Charlie Chaplin
35%
3Samuel L. Jackson
34.8%
6Robert Duvall
34.3%
3Diane Keaton
34.2%
3Gene Hackman
26.7%
3Ned Beatty
22.9%
No. of AFI 100 Actor % Correct
3Christopher Walken
22.5%
3Faye Dunaway
21.2%
3Alec Guinness
19.8%
3Ben Johnson
17.4%
3Richard Dreyfuss
16.6%
4William Holden
16.2%
3John Cazale
12.2%
3Walter Huston
10.4%
7Ward Bond
9.9%
3Talia Shire
9.6%
3Claude Rains
7%
4Thomas Mitchell
5.6%
3Scott Glenn
3.8%
3David Arkin
3.7%
3Jack Hawkins
3.6%
3Martin Balsam
3.3%

You're not logged in!

Compare scores with friends on all Sporcle quizzes.
OR
Log In

You Might Also Like...

Show Comments

Extras

Top Quizzes Today


Score Distribution

Your Account Isn't Verified!

In order to create a playlist on Sporcle, you need to verify the email address you used during registration. Go to your Sporcle Settings to finish the process.

Report this User

Report this user for behavior that violates our Community Guidelines.

Details: